NFL Draft 2013 First Round Picks - Statistics

General Stats
  • This quiz has been taken 767 times
  • The average score is 15 of 32
Answer Stats
# Team Pos. Answer % Correct
1 Kansas City Chiefs OT Eric Fisher
87%
4 Philadelphia Eagles OT Lane Johnson
76%
16 Buffalo Bills QB E.J. Manuel
72%
8 St. Louis Rams WR Tavon Austin
66%
27 Houston Texans WR DeAndre Hopkins
65%
5 Detroit Lions DE Ezekiel Ansah
62%
2 Jacksonville Jaguars OT Luke Joeckel
58%
21 Cincinnati Bengals TE Tyler Eifert
58%
3 Miami Dolphins DE Dion Jordan
51%
13 New York Jets DT Sheldon Richardson
48%
31 Dallas Cowboys C Travis Frederick
48%
26 Green Bay Packers DE Datone Jones
47%
17 Pittsburgh Steelers LB Jarvis Jones
47%
20 Chicago Bears G Kyle Long
47%
25 Minnesota Vikings CB Xavier Rhodes
47%
22 Atlanta Falcons CB Desmond Trufant
46%
18 San Francisco 49ers S Eric Reid
45%
29 Minesota Vikings WR Cordarelle Patterson
44%
15 New Orleans Saints S Kenny Vaccaro
41%
9 New York Jets CB Dee Milliner
38%
28 Denver Broncos DT Sylvester Williams
37%
6 Cleveland Browns DE Barkevious Mingo
36%
30 St. Louis Rams LB Alec Ogletree
35%
7 Arizona Cardinals G Jonathan Cooper
35%
23 Minnesota Vikings DT Sharrif Floyd
35%
32 Baltimore Ravens S Matt Elam
34%
14 Carolina Panthers DT Star Loutulelei
34%
19 New York Giants G Justin Pugh
33%
10 Tennessee Titans G Chance Warmack
32%
11 San Diego Chargers OT D.J. Fluker
32%
12 Oakland Raiders CB D.J. Hayden
31%
24 Indianapolis Colts DE Bjoern Werner
29%
No matching quizzes found
Score Distribution
Percent of People with Each Score
Percentile by Number Answered
Your Score History
You have not taken this quiz